Development of generic skill (Record no. 421298)

MARC details
000 -LEADER
fixed length control field 00355nam a2200169Ia 4500
008 - FIXED-LENGTH DATA ELEMENTS--GENERAL INFORMATION
fixed length control field 230606s2007 xx 000 0 und d
041 ## - LANGUAGE CODE
Language code of text/sound track or separate title eng
100 ## - MAIN ENTRY--PERSONAL NAME
Personal name Sudhesh
245 ## - TITLE STATEMENT
Title Development of generic skill
250 ## - EDITION STATEMENT
Edition statement 1st
260 ## - PUBLICATION, DISTRIBUTION, ETC.
Name of publisher, distributor, etc. A
Date of publication, distribution, etc. 2007
300 ## - PHYSICAL DESCRIPTION
Extent 174p
500 ## - GENERAL NOTE
General note 2283
520 ## - SUMMARY, ETC.
Summary, etc. General
520 ## - SUMMARY, ETC.
Summary, etc. Xerox
650 ## - SUBJECT ADDED ENTRY--TOPICAL TERM
Topical term or geographic name entry element G.SKILL

No items available.